The Flaming Year: (Record no. 206079)
[ view plain ]
| 000 -LEADER | |
|---|---|
| fixed length control field | 00765nam a22002177a 4500 |
| 005 - DATE AND TIME OF LATEST TRANSACTION | |
| control field | 20241003154001.0 |
| 010 ## - LCCN (DPL NO) | |
| LC control number | ENG-141896 |
| 020 ## - INTERNATIONAL STANDARD BOOK NUMBER | |
| International Standard Book Number | 9788180643859 |
| Terms of availability | 350.00 |
| 035 ## - SYSTEM CONTROL NUMBER | |
| System control number | EN-125428 |
| 037 ## - SOURCE OF ACQUISITION | |
| Source of stock number/acquisition | DBAD |
| 082 ## - DEWEY DECIMAL CLASSIFICATION NUMBER | |
| Classification number | 954.0841 |
| Edition number | 1 |
| 245 ## - TITLE STATEMENT | |
| Title | The Flaming Year: |
| Remainder of title | The Blazing Destiny/ |
| Statement of responsibility, etc | Ed. by Sk Ali Abbas Mamud Bibhas Biswas [and] Forword By Ranjit Sen |
| 250 ## - EDITION STATEMENT | |
| Edition statement | 1 |
| 260 ## - PUBLICATION, DISTRIBUTION, ETC. (IMPRINT) | |
| Place of publication, distribution, etc | Kolkata |
| Name of publisher, distributor, etc | Progressive Publishers |
| Date of publication, distribution, etc | 2022 |
| 270 ## - ADDRESS | |
| City | Kolkata |
| Address | 37A, College Street |
| Postal code | 700073 |
| Electronic mail address | progressivepubl@yahoo.co.in |
| Telephone number | 9830305810 |
| -- | 9038296630 |
| 300 ## - PHYSICAL DESCRIPTION | |
| Extent | 327p. |
| Other physical details | Index |
| Dimensions | 22cm(hb) |
| 700 ## - ADDED ENTRY--PERSONAL NAME | |
| Personal name | Mamud , Sk Ali Abbas |
| Relator term | Editor |
| 9 (RLIN) | 72328 |
| 700 ## - ADDED ENTRY--PERSONAL NAME | |
| Personal name | Biswas, Bibhas |
| Relator term | Editor |
| 9 (RLIN) | 72330 |
| 700 ## - ADDED ENTRY--PERSONAL NAME | |
| Personal name | Sen, Ranjit |
| 9 (RLIN) | 72332 |
| 942 ## - ADDED ENTRY ELEMENTS (KOHA) | |
| Source of classification or shelving scheme | Dewey Decimal Classification |
| Item type | English Books |
| Call number suffix | FLA |
| Classification part | 954.0841 |
No items available.
